Pracovníci, mzdy a produktivita práce v ČSSR 1970-1975
Enregistré dans:
| Auteur principal: | |
|---|---|
| Autres auteurs: | |
| Format: | Livre |
| Langue: | slovaque |
| Publié: |
Bratislava
Československý výskumný ústav práce a sociálnych vecí
1982
|
| Collection: | Faktografické a štatistické informacie z oblasti práce
zv. 2 |
| Tags: |
Pas de tags, Soyez le premier à ajouter un tag!
|
MARC
| LEADER | 00000nam a2200000 4500 | ||
|---|---|---|---|
| 001 | c115192 | ||
| 005 | 20200722103500.6 | ||
| 041 | 0 | |a slo | |
| 044 | |a SK | ||
| 245 | 1 | 0 | |a Pracovníci, mzdy a produktivita práce v ČSSR 1970-1975 |c Jarmila Fašungová, Zoja Ranincová |
| 264 | 1 | |a Bratislava |b Československý výskumný ústav práce a sociálnych vecí |c 1982 | |
| 300 | |a 105 s. | ||
| 490 | 1 | |a Faktografické a štatistické informacie z oblasti práce |v zv. 2 | |
| 830 | 0 | |a Faktografické a štatistické informacie z oblasti práce |v zv. 2 | |
| 100 | 1 | |a Fašungová, Jarmila | |
| 700 | 1 | |a Ranincová, Zoja | |